[Event "SR 4. liga A21 2018/2019"]
[Site "?"]
[Date "2018.12.16"]
[Round "5.1"]
[White "Pericka, Tomas"]
[Black "Nemeckay, Rastislav"]
[Result "1/2-1/2"]
[WhiteElo "1960"]
[BlackElo "1958"]
[PlyCount "24"]
[EventDate "2018.??.??"]
[WhiteTeam "CVÈ Brezová pod Bradlom"]
[BlackTeam "ŠK Štefanov"]

1. e4 e5 2. Nf3 Nf6 3. Nxe5 d6 4. Nf3 Nxe4 5. d4 d5 6. Bd3 Nc6 7. O-O Be7 8.
Re1 Bg4 9. c4 Nf6 10. cxd5 Nxd5 11. Nc3 O-O 12. h3 Be6 1/2-1/2

[Event "SR 4. liga A21 2018/2019"]
[Site "?"]
[Date "2018.12.16"]
[Round "5.1"]
[White "Valigursky, Michal"]
[Black "Hanzluvka, Peter"]
[Result "1/2-1/2"]
[WhiteElo "1683"]
[BlackElo "1911"]
[PlyCount "49"]
[EventDate "2018.??.??"]
[WhiteTeam "ŠK Štefanov"]
[BlackTeam "CVÈ Brezová pod Bradlom"]

1. e4 c5 2. Nf3 d6 3. d4 cxd4 4. Nxd4 Nf6 5. Nc3 a6 6. f3 e5 7. Nb3 Be6 8. Be3
Be7 9. Be2 Nbd7 10. Qd2 b5 11. a4 b4 12. Nd5 Nxd5 13. exd5 Bf5 14. Bd3 Bxd3 15.
Qxd3 Bg5 16. a5 Rc8 17. Rc1 Nc5 18. Nxc5 dxc5 19. O-O Bxe3+ 20. Qxe3 Qxd5 21.
Rcd1 Qe6 22. Rfe1 O-O 23. Qxe5 Qa2 24. Ra1 Qc4 25. Qe2 1/2-1/2

[Event "SR 4. liga A21 2018/2019"]
[Site "?"]
[Date "2018.12.16"]
[Round "5.1"]
[White "Pericka, Pavol"]
[Black "Klimes, Karel"]
[Result "1/2-1/2"]
[WhiteElo "1781"]
[BlackElo "1686"]
[PlyCount "40"]
[EventDate "2018.??.??"]
[WhiteTeam "CVÈ Brezová pod Bradlom"]
[BlackTeam "ŠK Štefanov"]

1. e4 e6 2. d4 d5 3. e5 c5 4. c3 Nc6 5. Nf3 Qb6 6. Bd3 cxd4 7. cxd4 Bb4+ 8. Nc3
Bd7 9. Be3 Rc8 10. O-O Nge7 11. Rc1 Ng6 12. Na4 Qa5 13. a3 Be7 14. b4 Qd8 15.
Nc5 Rc7 16. Bd2 O-O 17. b5 Nxd4 18. Nxd7 Nxf3+ 19. Qxf3 Qxd7 20. Qh3 h6 1/2-1/2

[Event "SR 4. liga A21 2018/2019"]
[Site "?"]
[Date "2018.12.16"]
[Round "5.1"]
[White "Wallner, Juraj"]
[Black "Skapik, Branislav"]
[Result "1/2-1/2"]
[WhiteElo "1571"]
[BlackElo "1765"]
[PlyCount "30"]
[EventDate "2018.??.??"]
[WhiteTeam "ŠK Štefanov"]
[BlackTeam "CVÈ Brezová pod Bradlom"]

1. e4 d5 2. exd5 Nf6 3. d4 Nxd5 4. Nf3 e6 5. Bd2 Be7 6. Bd3 Nd7 7. Nc3 O-O 8.
Nxd5 exd5 9. O-O h6 10. Re1 Bd6 11. c4 dxc4 12. Bxc4 Nb6 13. Bb3 Bg4 14. h3 Bh5
15. Bc2 Re8 1/2-1/2

[Event "SR 4. liga A21 2018/2019"]
[Site "?"]
[Date "2018.12.16"]
[Round "5.1"]
[White "Svarc, Vaclav"]
[Black "Tomasovic, Roman"]
[Result "1/2-1/2"]
[WhiteElo "1156"]
[BlackElo "1553"]
[PlyCount "56"]
[EventDate "2018.??.??"]
[WhiteTeam "CVÈ Brezová pod Bradlom"]
[BlackTeam "ŠK Štefanov"]

1. e4 e5 2. Nf3 Nc6 3. Bb5 Bc5 4. d3 d6 5. Bg5 Nge7 6. c3 O-O 7. Bxc6 bxc6 8.
d4 exd4 9. cxd4 Bb4+ 10. Nc3 Qe8 11. O-O Bg4 12. Qd3 Ng6 13. Rae1 h6 14. Bd2
Qc8 15. h3 Bxf3 16. Qxf3 c5 17. a3 Ba5 18. b4 cxb4 19. axb4 Bb6 20. Nb5 a6 21.
Nc3 Bxd4 22. Nd5 Qb7 23. Bc3 Bxc3 24. Qxc3 Rfc8 25. f3 c6 26. Ne3 Rab8 27. Rb1
Nf4 28. Qd2 Ne6 1/2-1/2

[Event "SR 4. liga A21 2018/2019"]
[Site "?"]
[Date "2018.12.16"]
[Round "5.2"]
[White "Jakubec, Milan"]
[Black "Diviak, Rastislav"]
[Result "1/2-1/2"]
[WhiteElo "2018"]
[BlackElo "1974"]
[PlyCount "81"]
[EventDate "2018.??.??"]
[WhiteTeam "ZÅ K VrbovÃ© B"]
[BlackTeam "CVÄŒ Senica B"]

1. e4 d6 2. Nf3 Nf6 3. Nc3 g6 4. d4 Bg7 5. h3 O-O 6. Be3 c6 7. Qd2 b5 8. a3 Re8
9. Bd3 Qc7 10. d5 a6 11. dxc6 Nxc6 12. Nd5 Nxd5 13. exd5 Ne5 14. Nxe5 dxe5 15.
c3 Bb7 16. O-O Bxd5 17. Rfd1 Red8 18. Qc2 Qc6 19. f3 f5 20. a4 Bc4 21. axb5
axb5 22. Bxc4+ Qxc4 23. Rxa8 Rxa8 24. b3 Qc6 25. c4 bxc4 26. bxc4 e4 27. fxe4
Qxe4 28. Qxe4 fxe4 29. Bb6 Ra2 30. Re1 Rc2 31. Rxe4 Kf7 32. Kh2 e5 33. Kg1 Ke6
34. g4 Kd6 35. Bf2 Rc3 36. Kg2 Rc2 37. h4 Ke6 38. Kf3 Bf8 39. Bg3 Rc3+ 40. Re3
Rxc4 41. Bxe5 1/2-1/2

[Event "SR 4. liga A21 2018/2019"]
[Site "?"]
[Date "2018.12.16"]
[Round "5.2"]
[White "Diviak, Rudolf"]
[Black "Cheben, Jozef"]
[Result "1-0"]
[WhiteElo "1746"]
[BlackElo "1568"]
[PlyCount "69"]
[EventDate "2018.??.??"]
[WhiteTeam "CVÄŒ Senica B"]
[BlackTeam "ZÅ K VrbovÃ© B"]

1. e4 e5 2. Nf3 Nc6 3. Bc4 h6 4. O-O d6 5. c3 Nf6 6. Re1 Bg4 7. d3 Be7 8. Bb3
O-O 9. Nbd2 Nh7 10. Nf1 Na5 11. Bc2 c5 12. h3 Be6 13. Ng3 Rc8 14. Be3 Nf6 15.
Qd2 Kh7 16. Rec1 b6 17. b3 Nc6 18. Nf5 Bxf5 19. exf5 Ng8 20. d4 Bf6 21. d5 Nce7
22. c4 Kh8 23. Be4 Rc7 24. g4 Nc8 25. Kg2 Re8 26. Rh1 Bh4 27. Nxh4 Qxh4 28.
Rag1 Qd8 29. Kf1 f6 30. h4 Rf7 31. g5 h5 32. Qe2 Nge7 33. Qxh5+ Kg8 34. g6 Nxg6
35. fxg6 1-0

[Event "SR 4. liga A21 2018/2019"]
[Site "?"]
[Date "2018.12.16"]
[Round "5.2"]
[White "Krchnak, Rudolf"]
[Black "Hrdlicka, Martin"]
[Result "0-1"]
[WhiteElo "1661"]
[BlackElo "1443"]
[PlyCount "70"]
[EventDate "2018.??.??"]
[WhiteTeam "ZÅ K VrbovÃ© B"]
[BlackTeam "CVÄŒ Senica B"]

1. d4 d5 2. Nf3 Nf6 3. e3 Bg4 4. Nbd2 e6 5. Bd3 Bd6 6. h3 Bxf3 7. Nxf3 O-O 8.
O-O Nbd7 9. Re1 Ne4 10. c4 c6 11. c5 Bc7 12. Bxe4 dxe4 13. Nd2 f5 14. Qb3 Rf6
15. Qxb7 Rg6 16. Qa6 Qh4 17. Kh1 Qxf2 18. Qf1 Qg3 19. Qg1 Rh6 20. Re2 Rf8 21.
Nf1 Qg4 22. Qf2 Rff6 23. Nh2 Qg5 24. Bd2 Rfg6 25. b4 Nf6 26. Qf1 Nh5 27. Be1
Bg3 28. Nf3 exf3 29. Qxf3 Bxe1 30. Rexe1 Ng3+ 31. Kh2 Ne4 32. Rac1 Qg4 33. Qxg4
fxg4 34. b5 gxh3 35. gxh3 Nf2 0-1

[Event "SR 4. liga A21 2018/2019"]
[Site "?"]
[Date "2018.12.16"]
[Round "5.2"]
[White "Celustkova, Lubica"]
[Black "Holan, Jaroslav"]
[Result "1-0"]
[WhiteElo "1691"]
[BlackElo "1460"]
[PlyCount "71"]
[EventDate "2018.??.??"]
[WhiteTeam "CVÄŒ Senica B"]
[BlackTeam "ZÅ K VrbovÃ© B"]

1. e4 Nc6 2. Nf3 e5 3. Bb5 d6 4. d4 Bd7 5. c3 Nf6 6. Nbd2 a6 7. Ba4 b5 8. Bb3
Bg4 9. d5 Ne7 10. Bc2 Ng6 11. h3 Bd7 12. Nf1 h6 13. Ng3 c6 14. O-O cxd5 15.
exd5 Nf4 16. Bxf4 exf4 17. Re1+ Be7 18. Ne4 Nxe4 19. Rxe4 O-O 20. Rxf4 Bg5 21.
Qd3 f5 22. Nxg5 Qxg5 23. Qf3 Rf7 24. Re1 Raf8 25. h4 Qf6 26. Qd3 g6 27. a4 g5
28. hxg5 hxg5 29. Rd4 g4 30. Rf4 Qh4 31. Qg3 Qh5 32. f3 Rg7 33. fxg4 Rxg4 34.
Rxg4+ fxg4 35. Qxd6 Qf5 36. Bxf5 1-0

[Event "SR 4. liga A21 2018/2019"]
[Site "?"]
[Date "2018.12.16"]
[Round "5.2"]
[White "Jancovic, Stanislav"]
[Black "Drozd, Jan"]
[Result "0-1"]
[WhiteElo "1154"]
[BlackElo "1527"]
[PlyCount "72"]
[EventDate "2018.??.??"]
[WhiteTeam "ZÅ K VrbovÃ© B"]
[BlackTeam "CVÄŒ Senica B"]

1. e4 c5 2. Nf3 Nc6 3. d4 cxd4 4. Nxd4 e5 5. Nf3 Nf6 6. Bc4 Be7 7. Nc3 O-O 8.
O-O d6 9. a3 a6 10. h3 b5 11. Bd3 Be6 12. Nd5 Rc8 13. Be3 Bxd5 14. exd5 Nb8 15.
Rc1 e4 16. Ng5 exd3 17. Qxd3 Nbd7 18. Bd4 Ne5 19. Qf5 g6 20. Qf4 Nxd5 21. Qe4
Bxg5 22. Qxd5 Bxc1 23. Rxc1 Qg5 24. Be3 Qf5 25. Qxd6 Nc4 26. Qxa6 Nxe3 27. fxe3
Rxc2 28. Rxc2 Qxc2 29. Qxb5 Rd8 30. Qb6 Qd1+ 31. Kh2 Qd6+ 32. Qxd6 Rxd6 33. Kg3
Rd2 34. b4 Ra2 35. Kf4 Rxa3 36. Ke5 Rb3 0-1

[Event "SR 4. liga A21 2018/2019"]
[Site "?"]
[Date "2018.12.16"]
[Round "5.3"]
[White "Curidlo, Jan"]
[Black "Zlamal, Marek"]
[Result "0-1"]
[WhiteElo "1845"]
[BlackElo "1856"]
[PlyCount "118"]
[EventDate "2018.??.??"]
[WhiteTeam "Å K KÃºpele PieÅ¡Å¥any B"]
[BlackTeam "Å achovÃ½ klub HolÃ­Ä� B"]

1. Nf3 d5 2. d4 Nc6 3. Nc3 Nf6 4. g3 Bf5 5. a3 e6 6. Bg2 Bd6 7. O-O h6 8. Nb5
O-O 9. Re1 Rc8 10. b4 a6 11. Nxd6 cxd6 12. Bb2 Na7 13. Rc1 Nb5 14. c3 Ne4 15.
Qb3 Qc7 16. Nh4 Bh7 17. Bxe4 Bxe4 18. a4 Na7 19. f3 Bh7 20. Ng2 Nc6 21. Kf2 Qb6
22. Ne3 Rc7 23. Kg2 Rfc8 24. Qa3 Ne7 25. Nf1 e5 26. e3 Bd3 27. Nd2 Qc6 28. Nb3
Nf5 29. Rcd1 e4 30. f4 Qd7 31. Rd2 Rxc3 32. Bxc3 Rxc3 33. Nc5 Nh4+ 34. Kh1 Rxa3
35. Nxd7 Nf3 36. Red1 Nxd2 37. Rxd2 Rxa4 38. Rb2 Ra3 39. Kg1 Ra1+ 40. Kg2 Bf1+
41. Kf2 Bh3 42. Nb6 Rh1 43. Rd2 Rxh2+ 44. Ke1 Rh1+ 45. Kf2 Rf1+ 46. Ke2 Rf3 47.
Nxd5 Rxg3 48. Kd1 Be6 49. Nb6 Rxe3 50. d5 Bg4+ 51. Kc2 Rf3 52. Nc4 b5 53. Nxd6
e3 54. Rd4 e2 55. Re4 Rf1 56. Re8+ Kh7 57. Nxf7 e1=Q 58. Rh8+ Kg6 59. Ne5+ Kh5
0-1

[Event "SR 4. liga A21 2018/2019"]
[Site "?"]
[Date "2018.12.16"]
[Round "5.3"]
[White "Husek, Lubomir"]
[Black "Sedlak, Rastislav"]
[Result "1-0"]
[WhiteElo "1862"]
[BlackElo "1668"]
[PlyCount "111"]
[EventDate "2018.??.??"]
[WhiteTeam "Å achovÃ½ klub HolÃ­Ä� B"]
[BlackTeam "Å K KÃºpele PieÅ¡Å¥any B"]

1. e4 e5 2. Nf3 Nc6 3. Bb5 a6 4. Ba4 Nf6 5. O-O b5 6. Bb3 Be7 7. Re1 O-O 8. c3
d6 9. h3 Bb7 10. d4 exd4 11. cxd4 Na5 12. Bc2 c5 13. d5 Nc4 14. Nbd2 Ne5 15. b3
Qc7 16. Bb2 Rfe8 17. Nf1 Nfd7 18. Nxe5 Nxe5 19. f4 Nd7 20. Qf3 Bf6 21. Bxf6
Nxf6 22. Ng3 g6 23. Rad1 c4 24. Qc3 Qc5+ 25. Kh2 Nd7 26. bxc4 Qxc4 27. Qxc4
bxc4 28. Ba4 Re7 29. Bc6 Nc5 30. Rd4 Rc8 31. Bxb7 Nxb7 32. Rc1 c3 33. Rb4 Rec7
34. e5 Kf8 35. Rb6 a5 36. Ne4 Rc4 37. Nf6 Nc5 38. exd6 Nd3 39. Rc2 Nb4 40. d7
Rd8 41. Re2 Rxd7 42. Nxd7+ Kg7 43. Ne5 c2 44. Rxc2 Rxc2 45. d6 Rd2 46. d7 Kf8
47. Rb8+ Ke7 48. Re8+ Kf6 49. d8=Q+ Rxd8 50. Rxd8 Nxa2 51. Ra8 Nc3 52. Rxa5 Kf5
53. Nxf7+ Kxf4 54. g3+ Ke4 55. Ng5+ Kd4 56. Nxh7 1-0

[Event "SR 4. liga A21 2018/2019"]
[Site "?"]
[Date "2018.12.16"]
[Round "5.3"]
[White "Oravec, Pavol"]
[Black "Vach, Jozef"]
[Result "1-0"]
[WhiteElo "1746"]
[BlackElo "1685"]
[PlyCount "113"]
[EventDate "2018.??.??"]
[WhiteTeam "Å K KÃºpele PieÅ¡Å¥any B"]
[BlackTeam "Å achovÃ½ klub HolÃ­Ä� B"]

1. d4 d5 2. Nf3 Nf6 3. Bf4 c6 4. Nbd2 Bg4 5. h3 Bh5 6. e3 Nbd7 7. c4 e6 8. Qb3
Qb6 9. Bd3 Bg6 10. Qxb6 Nxb6 11. Bxg6 hxg6 12. Ne5 Be7 13. O-O Nfd7 14. Nxd7
Nxd7 15. cxd5 exd5 16. Nf3 O-O 17. Ne5 Nxe5 18. Bxe5 f6 19. Bf4 f5 20. a3 g5
21. Be5 Bf6 22. f4 g6 23. Rf3 gxf4 24. exf4 Be7 25. Rb3 b6 26. Rc1 Rac8 27. Rg3
Kh7 28. b4 c5 29. dxc5 bxc5 30. b5 d4 31. Kf1 Rfd8 32. Ke2 c4 33. h4 Rd5 34. h5
d3+ 35. Kd2 g5 36. Bc3 g4 37. a4 Bd6 38. Rf1 Re8 39. Re3 Rxe3 40. Kxe3 Kh6 41.
g3 Bc5+ 42. Kd2 Rd7 43. Bf6 Kxh5 44. Rb1 Bf2 45. Bh4 Rd4 46. Rf1 c3+ 47. Kxc3
d2 48. Rd1 Be3 49. Bf6 Rd6 50. Be5 Rd8 51. a5 Rc8+ 52. Kd3 Rc1 53. Ke2 Rxd1 54.
Kxd1 Bf2 55. a6 Kg6 56. Bc7 Bxg3 57. b6 1-0

[Event "SR 4. liga A21 2018/2019"]
[Site "?"]
[Date "2018.12.16"]
[Round "5.3"]
[White "Stehlik, Jan"]
[Black "Skrabak, Tomas"]
[Result "1/2-1/2"]
[WhiteElo "1609"]
[BlackElo "1413"]
[PlyCount "55"]
[EventDate "2018.??.??"]
[WhiteTeam "Å achovÃ½ klub HolÃ­Ä� B"]
[BlackTeam "Å K KÃºpele PieÅ¡Å¥any B"]

1. e4 e6 2. d4 d5 3. Nd2 c5 4. exd5 Qxd5 5. dxc5 Bxc5 6. Ngf3 Nf6 7. Be2 Nc6 8.
O-O O-O 9. Nb3 Bb6 10. Bg5 Ne4 11. Qxd5 exd5 12. c3 f6 13. Bd2 Bg4 14. h3 Ng3
15. hxg4 Nxe2+ 16. Kh2 Bc7+ 17. g3 Bb6 18. Rfe1 Rfe8 19. Kg2 d4 20. cxd4 Ncxd4
21. Nbxd4 Nxd4 22. Nxd4 Bxd4 23. Rac1 Rxe1 24. Bxe1 Bxb2 25. Rb1 Bd4 26. Rxb7
Rc8 27. Rd7 Bb6 28. Rd2 1/2-1/2

[Event "SR 4. liga A21 2018/2019"]
[Site "?"]
[Date "2018.12.16"]
[Round "5.3"]
[White "Skodacek, Peter"]
[Black "Datko, Jan"]
[Result "1-0"]
[WhiteElo "1345"]
[BlackElo "1226"]
[PlyCount "83"]
[EventDate "2018.??.??"]
[WhiteTeam "Å K KÃºpele PieÅ¡Å¥any B"]
[BlackTeam "Å achovÃ½ klub HolÃ­Ä� B"]

1. d4 d5 2. c4 e6 3. Nc3 Nf6 4. cxd5 exd5 5. Bg5 Be7 6. Qc2 c6 7. e3 h6 8. Bh4
g5 9. Bg3 b6 10. Bd3 Bd6 11. Nf3 Bxg3 12. hxg3 Nbd7 13. Nxg5 c5 14. Nb5 Ke7 15.
Nf3 Ba6 16. Nc3 Bxd3 17. Qxd3 c4 18. Qf5 b5 19. O-O Qb6 20. Nxd5+ Nxd5 21. Qxd5
Rab8 22. Ne5 Qd6 23. Qxf7+ Kd8 24. Nxd7 Qxd7 25. Qxd7+ Kxd7 26. a3 a5 27. Rfc1
Rbc8 28. Kf1 Kd6 29. Ke2 Rhf8 30. Rh1 Rf6 31. Rh5 c3 32. bxc3 Rxc3 33. Ra2 a4
34. Rxb5 Kc6 35. Rb4 Kd5 36. Rxa4 Rfc6 37. Ra5+ Kd6 38. Rc5 R6xc5 39. dxc5+
Rxc5 40. a4 Ra5 41. e4 Ke5 42. Ke3 1-0

[Event "SR 4. liga A21 2018/2019"]
[Site "?"]
[Date "2018.12.16"]
[Round "5.4"]
[White "Vagovic, Milan"]
[Black "Vodicka, Michal"]
[Result "0-1"]
[WhiteElo "1696"]
[BlackElo "1890"]
[PlyCount "98"]
[EventDate "2018.??.??"]
[WhiteTeam "Å K KamenÃ¡r Chtelnica"]
[BlackTeam "Å K KÃºpele PieÅ¡Å¥any C"]

1. d4 e6 2. c4 Nf6 3. Nc3 d5 4. Nf3 c5 5. cxd5 Nxd5 6. e3 Nc6 7. Bb5 Bd7 8. Bd2
cxd4 9. exd4 a6 10. Ba4 Ncb4 11. Bxd7+ Qxd7 12. O-O Nc6 13. Re1 Be7 14. Qb3 Na5
15. Qa4 Qxa4 16. Nxa4 Nc4 17. Nc3 Nxd2 18. Nxd2 Nxc3 19. bxc3 Rc8 20. Rac1 Bg5
21. Re2 O-O 22. g3 Rfd8 23. f4 Bf6 24. Nf3 Bxd4+ 25. Nxd4 Rxd4 26. Rec2 Rdc4
27. Kf2 Kf8 28. Ke3 b5 29. a3 Ke7 30. Kd3 R8c5 31. Re1 Rd5+ 32. Ke3 Kd6 33.
Ree2 Kc5 34. Red2 Rxd2 35. Kxd2 Ra4 36. Ra2 Kc4 37. Kc2 a5 38. Kb2 b4 39. cxb4
axb4 40. axb4 Rxa2+ 41. Kxa2 Kxb4 42. Kb2 Kc4 43. Kc2 Kd4 44. Kd2 Ke4 45. Ke2
f6 46. Kf2 Kd3 47. Kf3 e5 48. fxe5 fxe5 49. Kf2 e4 0-1

[Event "SR 4. liga A21 2018/2019"]
[Site "?"]
[Date "2018.12.16"]
[Round "5.4"]
[White "Orvisky, Vladimir"]
[Black "Piestansky, Jan"]
[Result "1/2-1/2"]
[WhiteElo "1739"]
[BlackElo "1644"]
[PlyCount "109"]
[EventDate "2018.??.??"]
[WhiteTeam "Å K KÃºpele PieÅ¡Å¥any C"]
[BlackTeam "Å K KamenÃ¡r Chtelnica"]

1. c4 e5 2. Nc3 d6 3. Nf3 Nf6 4. g3 Be7 5. Bg2 Nc6 6. d4 exd4 7. Nxd4 Nxd4 8.
Qxd4 c6 9. O-O O-O 10. Bf4 h6 11. Rfd1 Ne8 12. Ne4 Be6 13. b3 d5 14. Nc3 dxc4
15. Qe3 Qa5 16. Be5 Bf6 17. Bd4 Bxd4 18. Rxd4 cxb3 19. axb3 Qc7 20. Rda4 a6 21.
Rc1 Nf6 22. b4 Rfe8 23. Qc5 Nd7 24. Raa1 Red8 25. Qd4 Qb6 26. Qxb6 Nxb6 27. e3
Nd5 28. Nxd5 Bxd5 29. Bf1 Bf3 30. Bg2 Bxg2 31. Kxg2 Rd2 32. Rd1 Rad8 33. Rxd2
Rxd2 34. Rb1 f5 35. Kf3 Kf7 36. h3 g5 37. g4 fxg4+ 38. hxg4 Kf6 39. Rb3 Ke5 40.
Rc3 Rd5 41. Rc4 Rb5 42. Re4+ Kf6 43. Rc4 a5 44. bxa5 Rxa5 45. Ke4 Ra2 46. f4
gxf4 47. exf4 c5 48. Kd5 b6 49. f5 Rb2 50. Re4 Rd2+ 51. Kc6 Rd4 52. Re6+ Kg5
53. Rg6+ Kf4 54. Rxh6 Rd8 55. Kxb6 {partia je zle zapisana} 1/2-1/2

[Event "SR 4. liga A21 2018/2019"]
[Site "?"]
[Date "2018.12.16"]
[Round "5.4"]
[White "Pripko, Bystrik"]
[Black "Nedorost, Lubomir"]
[Result "1-0"]
[WhiteElo "1633"]
[BlackElo "1619"]
[PlyCount "119"]
[EventDate "2018.??.??"]
[WhiteTeam "Å K KamenÃ¡r Chtelnica"]
[BlackTeam "Å K KÃºpele PieÅ¡Å¥any C"]

1. e4 c5 2. Nf3 d6 3. c4 Nf6 4. d3 g6 5. Nc3 Bg7 6. Be2 Nc6 7. O-O O-O 8. Rb1
Bg4 9. h3 Bd7 10. b3 h6 11. Bb2 Kh7 12. Nd5 e6 13. Nxf6+ Bxf6 14. Qd2 e5 15.
Bc1 Bg7 16. Bb2 f5 17. exf5 Bxf5 18. Nh2 Nd4 19. Bxd4 exd4 20. Bf3 Qc7 21. a3
Rae8 22. Rfe1 Be5 23. Ng4 Bxg4 24. hxg4 Bf4 25. Qb2 b6 26. Rxe8 Rxe8 27. Be4
Qd7 28. Qe2 Be5 29. Re1 Kg7 30. g3 Qe7 31. Bc6 Rc8 32. Be4 Rc7 33. Bd5 Qf8 34.
f4 Bf6 35. Qe8 Re7 36. Rxe7+ Bxe7 37. Qxf8+ Bxf8 38. a4 a5 39. Kf2 Kf6 40. Kf3
g5 41. Ke4 Bg7 42. f5 Bf8 43. Be6 Ke7 44. Kd5 Bg7 45. Kc6 Be5 46. Kxb6 Bxg3 47.
Kxa5 h5 48. gxh5 Be5 49. h6 g4 50. Bd5 Kf6 51. Be4 Kg5 52. h7 Kh4 53. Kb5 Kh3
54. a5 g3 55. a6 d5 56. Bxd5 g2 57. Bxg2+ Kxg2 58. a7 Kf3 59. a8=Q+ Ke3 60.
Qe4+ 1-0

[Event "SR 4. liga A21 2018/2019"]
[Site "?"]
[Date "2018.12.16"]
[Round "5.4"]
[White "Stolar, Michal"]
[Black "Piestansky, Dusan"]
[Result "0-1"]
[WhiteElo "1582"]
[BlackElo "1426"]
[PlyCount "110"]
[EventDate "2018.??.??"]
[WhiteTeam "Å K KÃºpele PieÅ¡Å¥any C"]
[BlackTeam "Å K KamenÃ¡r Chtelnica"]

1. c4 e5 2. Nc3 d6 3. g3 Nf6 4. Bg2 Nc6 5. e3 Be6 6. d3 Rb8 7. Qa4 d5 8. Nge2
a6 9. O-O Qd7 10. a3 Bh3 11. cxd5 Bxg2 12. Kxg2 Nxd5 13. Qc4 Nxc3 14. Nxc3 Bd6
15. b4 b5 16. Qd5 Ne7 17. Qb3 O-O 18. Ne4 h6 19. Bb2 Qc6 20. Rac1 Qb7 21. f3
Nf5 22. Rfe1 Qb6 23. Kf2 Rbc8 24. Nc5 Bxc5 25. Rxc5 Rfe8 26. Bxe5 c6 27. Rec1
g6 28. g4 Ng7 29. Qc3 Ne6 30. Bh8 Kf8 31. Rxc6 Rxc6 32. Qxc6 Qd8 33. Qc3 Qh4+
34. Kg2 Nf4+ 35. Kh1 Ne6 36. Rc2 Qh3 37. Rf2 Ng5 38. Bg7+ Kg8 39. Bh8 Kf8 40.
Qg7+ Ke7 41. Qf6+ Kf8 42. e4 Rc8 43. Qf4 Rc2 44. Qe3 Nxf3 45. Be5 Rxf2 46. Qxf2
Nxe5 47. Qc5+ Kg8 48. Qc8+ Kg7 49. Qc1 Qf3+ 50. Kg1 Qxg4+ 51. Kh1 Qf3+ 52. Kg1
Nxd3 53. Qc3+ Kh7 54. e5 Qf2+ 55. Kh1 Qf1# 0-1

[Event "SR 4. liga A21 2018/2019"]
[Site "?"]
[Date "2018.12.16"]
[Round "5.5"]
[White "Cerovsky, Marian"]
[Black "Podjavorinsky, Michal"]
[Result "1-0"]
[WhiteElo "1778"]
[BlackElo "1916"]
[PlyCount "81"]
[EventDate "2018.??.??"]
[WhiteTeam "Å O KopÄ�any"]
[BlackTeam "ZÅ K VrbovÃ© A"]

1. e4 c5 2. Bc4 a6 3. a4 d6 4. Nf3 Nc6 5. Nc3 Nf6 6. d3 Bg4 7. h3 Bxf3 8. gxf3
g6 9. f4 Qb6 10. Ne2 Bg7 11. c3 Na5 12. Ba2 c4 13. Ng3 cxd3 14. Qxd3 Nd7 15. b4
Nc6 16. Be3 Qc7 17. Rc1 Rc8 18. Bd2 Bh6 19. Ke2 Nb6 20. Bb3 Nd8 21. f5 Bg7 22.
h4 Nc4 23. Bxc4 Qxc4 24. Qxc4 Rxc4 25. h5 Rc8 26. hxg6 hxg6 27. Rxh8+ Bxh8 28.
fxg6 fxg6 29. f4 Nc6 30. Rh1 Kf7 31. Kd3 Nb8 32. Rh7+ Ke6 33. f5+ gxf5 34.
exf5+ Kd7 35. Ne4 Be5 36. Bg5 Kc6 37. Bxe7 Nd7 38. Rh6 Rg8 39. Bxd6 Bxd6 40.
Rxd6+ Kc7 41. Rxd7+ 1-0

[Event "SR 4. liga A21 2018/2019"]
[Site "?"]
[Date "2018.12.16"]
[Round "5.5"]
[White "Kincel, Jan"]
[Black "Moravec, Milan"]
[Result "1/2-1/2"]
[WhiteElo "1934"]
[BlackElo "1639"]
[PlyCount "83"]
[EventDate "2018.??.??"]
[WhiteTeam "ZÅ K VrbovÃ© A"]
[BlackTeam "Å O KopÄ�any"]

1. e4 e6 2. d4 d5 3. Nd2 dxe4 4. Nxe4 Nd7 5. Bd3 Ngf6 6. Bg5 Be7 7. Nf3 O-O 8.
Qe2 c5 9. O-O-O cxd4 10. Nxd4 Nc5 11. Nxc5 Bxc5 12. Nb3 Qb6 13. Bxf6 gxf6 14.
Qh5 f5 15. g4 Bxf2 16. gxf5 exf5 17. Rhf1 Be3+ 18. Kb1 Qg6 19. Qf3 Bb6 20. c4
Qg4 21. Qh1 Qh3 22. Rf3 Qh6 23. c5 Bc7 24. h3 f4 25. Qg1+ Qg7 26. Qf2 Qf6 27.
Qc2 h6 28. Nd4 Bd7 29. Nf5 Bxf5 30. Bxf5 Rad8 31. Rg1+ Kh8 32. Be4 b6 33. c6
Rd4 34. Bf5 Rg8 35. Rff1 Rg3 36. Bd7 Qg5 37. Qf2 Rdd3 38. Bg4 h5 39. Rxg3 Rxg3
40. Qd4+ Qe5 41. Qxe5+ Bxe5 42. Bxh5 1/2-1/2

[Event "SR 4. liga A21 2018/2019"]
[Site "?"]
[Date "2018.12.16"]
[Round "5.5"]
[White "Dubecky, Ladislav"]
[Black "Blatnicky, Miroslav"]
[Result "0-1"]
[WhiteElo "1578"]
[BlackElo "2092"]
[PlyCount "110"]
[EventDate "2018.??.??"]
[WhiteTeam "Å O KopÄ�any"]
[BlackTeam "ZÅ K VrbovÃ© A"]

1. e4 e6 2. f4 d5 3. exd5 exd5 4. Nf3 Bd6 5. d4 Ne7 6. Bd3 Bf5 7. O-O O-O 8.
Ne5 f6 9. Nf3 Re8 10. Nh4 Bxd3 11. Qxd3 Nd7 12. Nc3 c6 13. Rf3 Nf8 14. f5 Qc7
15. Rh3 Nc8 16. Bd2 Bf4 17. Bxf4 Qxf4 18. Rf1 Qc7 19. Qf3 Nd6 20. Qh5 Nf7 21.
Rg3 Ng5 22. Nf3 Nxf3+ 23. Qxf3 Qb6 24. Qg4 Re7 25. b3 Qc7 26. Ne2 Re4 27. Rf4
Rae8 28. Rxe4 Rxe4 29. Qf3 Qe7 30. Kf2 Qa3 31. Qh5 Qxa2 32. Qh6 Re7 33. Qxf6
Rf7 34. Qe5 Qxc2 35. Rf3 a5 36. g4 a4 37. bxa4 Qxa4 38. h4 Qb4 39. Re3 Nd7 40.
Qg3 Nf6 41. Kf3 Re7 42. Qb8+ Kf7 43. Rxe7+ Qxe7 44. Nc3 Ne4 45. Ne2 Nd6 46. Nc3
h5 47. Qh8 Qxh4 48. Qxh5+ Qxh5 49. gxh5 Nxf5 50. Ne2 b5 51. Kf2 Kf6 52. Ke1 Kg5
53. Kd2 Kxh5 54. Kc3 Kg4 55. Kb4 Kf3 0-1

[Event "SR 4. liga A21 2018/2019"]
[Site "?"]
[Date "2018.12.16"]
[Round "5.5"]
[White "Miciak, Emanuel"]
[Black "Pisecky, Jan"]
[Result "1-0"]
[WhiteElo "1869"]
[BlackElo "1355"]
[PlyCount "61"]
[EventDate "2018.??.??"]
[WhiteTeam "ZÅ K VrbovÃ© A"]
[BlackTeam "Å O KopÄ�any"]

1. d4 g6 2. c4 d6 3. Nc3 Bg7 4. e4 Nc6 5. Be3 Bd7 6. Nf3 e6 7. Be2 Nf6 8. h3 a6
9. Qd2 Ne7 10. O-O c6 11. Rad1 d5 12. e5 Nfg8 13. Qc1 Nf5 14. Bg5 Qb6 15. Na4
Qc7 16. Rfe1 h6 17. Bd2 f6 18. cxd5 exd5 19. exf6 Nxf6 20. Bd3+ Kd8 21. Bf4 Qa5
22. Nc5 Kc8 23. g4 g5 24. Bh2 Nh4 25. Nxh4 gxh4 26. Re7 b6 27. Nxd7 Nxd7 28.
Rxg7 Qxa2 29. Bf5 Ra7 30. Qf4 Rf8 31. Qb8# 1-0

[Event "SR 4. liga A21 2018/2019"]
[Site "?"]
[Date "2018.12.16"]
[Round "5.5"]
[White "Blanarik, Dominik"]
[Black "Podjavorinsky, Peter"]
[Result "0-1"]
[WhiteElo "1510"]
[BlackElo "1690"]
[PlyCount "60"]
[EventDate "2018.??.??"]
[WhiteTeam "Å O KopÄ�any"]
[BlackTeam "ZÅ K VrbovÃ© A"]

1. e4 e6 2. d4 d5 3. e5 c5 4. Nf3 Qb6 5. Nc3 Bd7 6. b3 Nc6 7. Na4 Qc7 8. Nxc5
Bxc5 9. dxc5 Qa5+ 10. Bd2 Qxc5 11. a3 a5 12. Be3 Qc3+ 13. Bd2 Qc5 14. Bd3 d4
15. O-O Nxe5 16. b4 axb4 17. Bxb4 Qd5 18. Nxe5 Qxe5 19. Qf3 Bc6 20. Qg4 Nf6 21.
Qg3 Qxg3 22. fxg3 Nd5 23. Bc5 e5 24. Be4 f6 25. Rab1 Kd7 26. g4 Ne3 27. Rxb7+
Bxb7 28. Bxb7 Nxf1 29. Bxa8 Rxa8 30. Kxf1 Rc8 0-1

[Event "SR 4. liga A21 2018/2019"]
[Site "?"]
[Date "2018.12.16"]
[Round "5.6"]
[White "Bilovsky, Milan"]
[Black "Vogl, Zdenek"]
[Result "1/2-1/2"]
[WhiteElo "1913"]
[BlackElo "1878"]
[PlyCount "20"]
[EventDate "2018.??.??"]
[WhiteTeam "Å K Nafta Gbely C"]
[BlackTeam "Å K Skalica C"]

1. e4 e5 2. Nf3 Nc6 3. Bc4 Be7 4. O-O Nf6 5. Re1 O-O 6. Nc3 d6 7. d4 Bg4 8.
dxe5 dxe5 9. Be2 Qxd1 10. Bxd1 Bb4 1/2-1/2